Estadísticas para Plantilla FC Barcelona Femení 2023/24 con fotos

Haz click aquí para intentar la prueba.

Estadísticas generales

  • Esta prueba ha sido intentada 26 veces
  • La puntuación promedio es 16 de 26

Estadísticas de respuestas

Respuesta% Correcto
Aitana Bonmatí
100%
Alexia Putellas
100%
Mapi León
95%
Salma Paralluelo
95%
Irene Paredes
90%
Mariona Caldentey
86%
Sandra Paños
81%
Cata Coll
76%
Patri Guijarro
71%
Caroline Graham Hansen
67%
Claudia Pina
67%
Ingrid Engen
62%
Lucy Bronze
62%
Marta Torrejón
62%
Ona Batlle
62%
Fridolina Rolfö
57%
Jana Fernández
57%
Vicky López
52%
Bruna Vilamala
48%
Esmee Brugts
48%
Keira Walsh
48%
Gemma Font
38%
Martina Fernández
29%
Giulia Dragoni
24%
Lucía Corrales
24%
Ari Arias
19%

Distribución de puntuación

Porcentaje por número respondido

Porcentaje de gente con cada puntuación

Historial de tus puntuaciones

No has intentado esta prueba.